Getting off the hook (Record no. 66053)

MARC details
000 -LEADER
fixed length control field 01078cam a2200265 4500
001 - CONTROL NUMBER
control field X110803
008 - FIXED-LENGTH DATA ELEMENTS--GENERAL INFORMATION
fixed length control field 000000n2001 000 0 eng u
035 ## - SYSTEM CONTROL NUMBER
System control number (Sirsi) u110803
100 ## - MAIN ENTRY--PERSONAL NAME
Personal name Blackler, T.
245 ## - TITLE STATEMENT
Title Getting off the hook
260 ## - PUBLICATION, DISTRIBUTION, ETC.
Date of publication, distribution, etc. 2001
490 ## - SERIES STATEMENT
Series statement Building
Volume/sequential designation 266(8166) 26 January 2001, 63(1)
520 ## - SUMMARY, ETC.
Summary, etc. Considers when a consultant's duty to inform a client of a possible deficiency in the design ends in the light of "Abbeystead" and "New Islington and Hackney Housing Association v Pollard Thomas and Edwards Ltd". Concludes that such a duty arguably exists, when put on notice of such a problem, until the final certificate is issued.
590 ## - LOCAL NOTE (RLIN)
Local note ABS
650 ## - SUBJECT ADDED ENTRY--TOPICAL TERM
Topical term or geographic name entry element ECKERSLEY AND PARTNERS V BINNEY AND OTHERS
650 ## - SUBJECT ADDED ENTRY--TOPICAL TERM
Topical term or geographic name entry element CONSULTANTS
650 ## - SUBJECT ADDED ENTRY--TOPICAL TERM
Topical term or geographic name entry element DESIGN FAULTS
650 ## - SUBJECT ADDED ENTRY--TOPICAL TERM
Topical term or geographic name entry element DESIGNERS
650 ## - SUBJECT ADDED ENTRY--TOPICAL TERM
Topical term or geographic name entry element DUTY OF CARE
650 ## - SUBJECT ADDED ENTRY--TOPICAL TERM
Topical term or geographic name entry element FINAL CERTIFICATE
650 ## - SUBJECT ADDED ENTRY--TOPICAL TERM
Topical term or geographic name entry element NEW ISLINGTON AND HACKNEY HOUSING ASSOCIATION V POLLARD THOMAS AND EDWARDS LTD
650 ## - SUBJECT ADDED ENTRY--TOPICAL TERM
Topical term or geographic name entry element PRACTICAL COMPLETION
690 ## - LOCAL SUBJECT ADDED ENTRY--TOPICAL TERM (OCLC, RLIN)
Topical term or geographic name as entry element BUILDING AND CONSTRUCTION-LAW
942 ## - ADDED ENTRY ELEMENTS (KOHA)
Suppress in OPAC 0
Holdings
Withdrawn status Lost status Source of classification or shelving scheme Damaged status Not for loan Home library Current library Shelving location Date acquired Total Checkouts Barcode Date last seen Copy number Price effective from Koha item type
    Dewey Decimal Classification     London London Journal article 07/02/2001   110803-1001 06/08/2019 1 06/08/2019 Journal article